02517cam a2200337 i 4500003000900000005001700009008004100026040003400067072000800101082000800109092002100117100011800138245012500256250003300381264009300414300002900507336003600536337003500572338002900607650002400636650002600660650003100686650004300717856055300760856056401313942001701877949003801894952011601932952011602048999001502164SA-RiAUC20241017070035.0241016s1970 le g 00010 ara c aSA-RiKAPLbaracSA-RiAUCerda 7a02704a240 a240bا ب ن ت1 aابن تيمية، أحمد بن عبد الحليم بن عبد السلام،d661-728 هجريeمؤلف.10aقاعدة جليلة في التوسل والوسيلة /cتأليف تقي الدين أحمد ابن تيمية. aالطبعة الثانية. 1aبيروت :bدار العربية للطباعة والنشر والتوزيع،c1970 a168 صفحة ؛c24 سم aنصbtxt2rdacontent3كتاب aبدون وسيطbn2rdamedia aمجلدbnc2rdacarrier 7aالتوسل2aucsh 7aالشفاعة2aucsh 7aعلم الكلام2aucsh 7aالإيمان (إسلام)2aucsh uhttp://www.saaid.net/book/1/270.pdfyDigital Copy2 نرجو الانتباه لإمكانية وجود اختلاف في الطبعة أو الناشر بين البيانات على البوابة وما ستجده على الكتاب نظرا لمحدودية المعلومات المتاحة على الموقع الناشر للمادة.3Please note that there may be a difference in the edition or publisher between the data on the portal and the book due to the limited information available on the publisher website for the material. uhttp://saaid.net/book/open.php?cat=1&book=733yExternal Link2 نرجو الانتباه لإمكانية وجود اختلاف في الطبعة أو الناشر بين البيانات على البوابة وما ستجده على الكتاب نظرا لمحدودية المعلومات المتاحة على الموقع الناشر للمادة.3Please note that there may be a difference in the edition or publisher between the data on the portal and the book due to the limited information available on the publisher website for the material. 2ddccBOOKn0 aSA-JeALMd241016umohamedma123n1 00102ddc4070aWAHABbWAHABd2024-10-17l0o240 ا ب ن تp000002049r2024-10-17 07:01:13w2024-10-17yBOOK 00102ddc4070aWAHABbWAHABd2025-01-01l0o240 ا ب ن تp000006945r2025-01-01 07:07:03w2025-01-01yBOOK c1438d1438